000 00959nam a22003017a 4500
001 4814
003 FISKH
005 20250909102821.0
008 241016b cb ||||| |||| 00| 0 eng d
020 _a9781416912330
040 _aFISKH
_beng
_cFISKH
_dFISKH
050 _aPZ7.A1857
082 _a468
100 _aAda, Flor Alma
_d(1938-)
245 _aDear peter rabbit /
_cby Alma Flor Ada illustrated by Leslie Tryon
250 _aThis paperback edition in 2006
260 _aNew York :
_bAladdin Paperback,
_c1997.
300 _a27 pages :
_bColor illustrations ;
_c22 cm
505 _aR
520 _aPresents letters between such fairy tale characters as Goldilocks, Baby Bear, Peter Rabbit, and the Three Pigs.
521 8 _a780L
_bLexile
521 8 _aR
_bRaz-Plus
650 _2Making connections
_aLetter writing
650 _2Fairy tale
_aFiction
700 _aTryon, Leslie
_dIllustrator
942 _2ddc
_cBK
_n0
999 _c4814
_d4814